NewJeans Music Show Wins - Statistics

General Stats
  • This quiz has been taken 113 times
  • The average score is 11 of 15
Answer Stats
Hint Answer % Correct
OMG Yes
97%
Attention Yes
93%
Ditto Yes
92%
How Sweet Yes
90%
Super Shy Yes
86%
Hype Boy Yes
83%
Hurt No
81%
Zero No
81%
ETA Yes
81%
Get Up No
80%
Right Now No
76%
Bubble Gum No
54%
Cookie No
44%
New Jeans No
42%
Supernatural No
29%
No matching quizzes found
Score Distribution
Percent of People with Each Score
Percentile by Number Answered
Your Score History
You have not taken this quiz